Управление конкурентоспособностью хозяйствующих субъектов: учебное пособие

Библиографические подробности
Главный автор: Трифонов В. А. Владимир Александрович
Автор-организация: Национальный исследовательский Томский политехнический университет (ТПУ) Юргинский технологический институт (ЮТИ)
Другие авторы: Валуев Д. В. Денис Викторович
Примечания:Заглавие с титульного экрана
Электронная версия печатной публикации
Режим доступа: из корпоративной сети ТПУ
Язык:русский
Опубликовано: Томск, Изд-во ТПУ, 2014
Предметы:
Online-ссылка:http://www.lib.tpu.ru/fulltext2/m/2016/m078.pdf
Формат: Электронный ресурс Книга
Запись в KOHA:https://koha.lib.tpu.ru/cgi-bin/koha/opac-detail.pl?biblionumber=320850

MARC

LEADER 00000nlm0a2200000 4500
001 320850
005 20231102003323.0
035 |a (RuTPU)RU\TPU\book\346381 
090 |a 320850 
100 |a 20160726d2014 m y0rusy50 ca 
101 0 |a rus 
102 |a RU 
105 |a a j 001zy 
135 |a drcn ---uucaa 
181 0 |a i  
182 0 |a b 
200 1 |a Управление конкурентоспособностью хозяйствующих субъектов  |b Электронный ресурс  |e учебное пособие  |f В. А. Трифонов, Д. В. Валуев  |g Национальный исследовательский Томский политехнический университет (ТПУ), Юргинский технологический институт (ЮТИ) 
203 |a Текст  |c электронный 
210 |a Томск  |c Изд-во ТПУ  |d 2014 
230 |a 1 компьютерный файл (pdf; 2.6 MB) 
300 |a Заглавие с титульного экрана 
300 |a Электронная версия печатной публикации 
333 |a Режим доступа: из корпоративной сети ТПУ 
606 1 |a Предприятия  |x Конкурентоспособность  |2 stltpush  |3 (RuTPU)RU\TPU\subj\36678  |9 57971 
610 1 |a электронный ресурс 
610 1 |a учебные пособия 
610 1 |a конкурентоспособность 
610 1 |a хозяйствующие субъекты 
610 1 |a конкуренция 
610 1 |a мировая экономика 
610 1 |a рыночная экономика 
610 1 |a инновационная продукция 
610 1 |a рыночная конкуренция 
610 1 |a конкурентное поведение 
610 1 |a конкурентные стратегии 
610 1 |a конкурентные отношения 
686 |a У9(2)29я73  |2 rubbk 
700 1 |a Трифонов  |b В. А.  |c экономист  |c доцент Юргинского технологического института Томского политехнического университета, кандидат экономических наук  |f 1964-  |g Владимир Александрович  |2 stltpush  |3 (RuTPU)RU\TPU\pers\31908  |9 15978 
701 1 |a Валуев  |b Д. В.  |c специалист в области металлообработки  |c доцент Юргинского технологического института (филиала) Томского политехнического университета, кандидат технических наук  |f 1980-  |g Денис Викторович  |2 stltpush  |3 (RuTPU)RU\TPU\pers\27414  |9 12734 
712 0 2 |a Национальный исследовательский Томский политехнический университет (ТПУ)  |b Юргинский технологический институт (ЮТИ)  |c (2009- )  |h 349  |2 stltpush  |3 (RuTPU)RU\TPU\col\15903 
801 1 |a RU  |b 63413507  |c 20131024 
801 2 |a RU  |b 63413507  |c 20160726  |g RCR 
856 4 |u http://www.lib.tpu.ru/fulltext2/m/2016/m078.pdf 
942 |c CF